00339nam a2200121Ia 4500008004100000100002100041245006200062260003700124300000900161650002500170942000700195999001500202190216s9999||||xx |||||||||||||| ||und|| aPrasanna Chandra 0aFinancial Management Theory And Practice 8th Edn With C D bTata Mcgrawhill Publishersc2001 a951p aFinancial Management cBK c5889d5889